000 00679nam a2200241Ia 4500
001 dia_3465
003 CHAP
005 20230519123513.0
008 220117s1983 xx 000 0 und d
010 _a173928
040 _cCHAP
082 _a634.653 G4
100 _aGallegos Espinosa, Rafael
_944398
245 _aAlgunos aspectos del aguacate y su producción en Michoacan /
_c Rafael Gallegos Espinosa
260 _aChapingo, México :
_b UACh,
_c1983
300 _a317 p.
503 _aC/E
650 _a1.Aguacate
_9149149
901 _a634.653 G4
902 _aM
905 _a0000001983 MX AM 0000000000SPA00
942 _cLIBRO
_2ddc
999 _c173928
_d173928